000 01513cam a22003614a 4500
999 _c7272
_d7272
001 13056754
003 OSt
005 20210922125124.0
008 030114s2003 nyua b 001 0 eng
010 _a 2003041953
020 _a052182608X
020 _a0521533473 (pbk.)
040 _aDLC
_cDDC
_dDLC
042 _apcc
050 0 0 _aQL752
_b.W523 2003
082 0 0 _a591.788WIL 2003
100 _a Sibly R.M. ; Hone J. ; Clutton-Brock T.H.;
_914924
245 0 0 _aWildlife population growth rates
_cEdited by Sibly R.M. ; Hone J. and Clutton-Brock T.H.;
260 _aNew York :
_bCambridge University Press,
_c2003.
300 _aviii,362p.
_bill;
_c24cm.
500 _a"First published as Population growth rate: determining factors and role in population regulation, Philosophical Transactions of The Royal Society, B, vol. 357, no. 1425, pp. 1147-1320."
504 _aIncludes; references and index.
650 0 _aBiology
_95602
700 1 _aSibly, R. M.
_914926
700 1 _aHone, Jim.
_914928
700 1 _aClutton-Brock, T. H.
_914930
710 2 _aRoyal Society (Firm)
_914932
856 4 1 _3Table of contents
_uhttp://www.loc.gov/catdir/toc/cam031/2003041953.html
856 4 2 _3Publisher description
_uhttp://www.loc.gov/catdir/description/cam032/2003041953.html
906 _a7
_bcbc
_corignew
_d1
_eocip
_f20
_gy-gencatlg
942 _2ddc
_cO_SHELF